000 00324 a2200121 4500
000 nam a22 7a 4500
005 20260206170509.0
020 _a9789391524210
100 _aParshuram Shukl
_91114299
245 _aVishwa Jalchar Kosh (5 Volume Set)
260 _bAnamika Publishers & Distributors
_c2023
942 _cTEXL
999 _c1678846
_d1678846